[Event "Team men PL"]
[Site "Sochi"]
[Date "2020.11.25"]
[Round "6.20"]
[White "Zvjaginsev, Vadim"]
[Black "Bykov, Oleg"]
[Result "1-0"]
[BlackElo "2362"]
[WhiteElo "2602"]
[LiveChessVersion "1.4.8"]

1.Nf3 {[%clk 1:30:54]} Nf6 {[%clk 1:30:45]} 2.g3 {[%clk 1:31:12]}
g6 {[%clk 1:31:08]} 3.b3 {[%clk 1:31:35]} Bg7 {[%clk 1:27:58]}
4.Bb2 {[%clk 1:31:00]} O-O {[%clk 1:26:09]} 5.Bg2 {[%clk 1:31:25]}
d6 {[%clk 1:23:54]} 6.d4 {[%clk 1:31:42]} e5 {[%clk 1:22:22]}
7.dxe5 {[%clk 1:31:44]} Ng4 {[%clk 1:21:15]} 8.Nc3 {[%clk 1:29:10]}
Nxe5 {[%clk 1:20:05]} 9.Nxe5 {[%clk 1:27:26]} Bxe5 {[%clk 1:15:14]}
10.O-O {[%clk 1:26:20]} c6 {[%clk 1:07:54]} 11.e4 {[%clk 1:23:47]}
f5 {[%clk 1:06:13]} 12.f4 {[%clk 1:20:06]} Bg7 {[%clk 1:05:32]}
13.Rb1 {[%clk 1:20:13]} Na6 {[%clk 1:01:28]} 14.Qd2 {[%clk 1:19:48]}
Nc5 {[%clk 0:55:51]} 15.exf5 {[%clk 1:10:40]} Bxf5 {[%clk 0:55:28]}
16.b4 {[%clk 1:10:59]} Ne6 {[%clk 0:45:23]} 17.Nd1 {[%clk 1:10:15]}
Bxb2 {[%clk 0:34:04]} 18.Rxb2 {[%clk 1:08:48]} d5 {[%clk 0:30:27]}
19.Ne3 {[%clk 0:59:41]} Qb6 {[%clk 0:29:10]} 20.Qf2 {[%clk 0:51:54]}
Be4 {[%clk 0:22:35]} 21.Bxe4 {[%clk 0:46:31]} dxe4 {[%clk 0:22:59]}
22.Nc4 {[%clk 0:45:12]} Qa6 {[%clk 0:22:44]} 23.Nd2 {[%clk 0:43:23]}
Qa3 {[%clk 0:07:39]} 24.Rb3 {[%clk 0:43:08]} Qxa2 {[%clk 0:07:57]}
25.Nxe4 {[%clk 0:42:46]} Rad8 {[%clk 0:07:58]} 26.Re3 {[%clk 0:40:40]}
Nd4 {[%clk 0:05:01]} 27.c3 {[%clk 0:38:37]} Qxf2+ {[%clk 0:05:25]}
28.Rxf2 {[%clk 0:38:20]} Nf5 {[%clk 0:05:50]} 29.Re1 {[%clk 0:37:09]}
Rd3 {[%clk 0:05:42]} 30.Ra2 {[%clk 0:33:38]} a6 {[%clk 0:05:05]}
31.Rc2 {[%clk 0:28:52]} Rf7 {[%clk 0:03:59]} 32.Nc5 {[%clk 0:28:13]}
Re3 {[%clk 0:02:48]} 33.Kf2 {[%clk 0:23:13]} Rfe7 {[%clk 0:00:46]}
34.Rce2 {[%clk 0:20:47]} Rxe2+ {[%clk 0:01:08]} 35.Rxe2 {[%clk 0:21:13]}
Rxe2+ {[%clk 0:00:52]} 36.Kxe2 {[%clk 0:21:37]} Nd6 {[%clk 0:01:21]}
37.Kd3 {[%clk 0:21:28]} Kf7 {[%clk 0:01:44]} 38.g4 {[%clk 0:18:15]}
Ke7 {[%clk 0:01:22]} 39.h3 {[%clk 0:16:56]} h6 {[%clk 0:01:39]}
40.c4 {[%clk 0:45:37]} b5 {[%clk 0:31:01]} 41.cxb5 {[%clk 0:43:25]}
axb5 {[%clk 0:31:26]} 42.Kd4 {[%clk 0:43:19]} Nc4 {[%clk 0:31:07]}
43.Nd3 {[%clk 0:39:43]} Kd6 {[%clk 0:29:10]} 44.Ne5 {[%clk 0:37:55]}
Nb6 {[%clk 0:29:07]} 45.Nf7+ {[%clk 0:34:53]} Ke7 {[%clk 0:28:59]}
46.Nxh6 {[%clk 0:31:13]} Nd5 {[%clk 0:29:22]} 47.Kc5 {[%clk 0:31:31]}
Nxf4 {[%clk 0:22:10]} 48.Kxc6 {[%clk 0:31:45]} Nxh3 {[%clk 0:22:22]}
49.Kxb5 {[%clk 0:32:05]} Ng5 {[%clk 0:20:49]} 50.Kc6 {[%clk 0:31:04]}
Ne6 {[%clk 0:20:39]} 51.Kd5 {[%clk 0:24:22]} Kf6 {[%clk 0:20:44]}
52.Ng8+ {[%clk 0:21:03]} Kf7 {[%clk 0:21:07]} 53.Kd6 {[%clk 0:20:44]}
Ng5 {[%clk 0:19:15]} 54.b5 {[%clk 0:15:58]} Ne4+ {[%clk 0:19:14]}
55.Kc6 {[%clk 0:15:58]} Nd2 {[%clk 0:19:37]} 56.Kd5 {[%clk 0:15:15]}
Nb3 {[%clk 0:20:00]} 57.b6 {[%clk 0:12:59]} Na5 {[%clk 0:20:26]}
58.Nh6+ {[%clk 0:13:20]} Kf6 {[%clk 0:20:51]} 59.Kc5 {[%clk 0:12:57]}
Kg5 {[%clk 0:18:55]} 60.Nf7+ {[%clk 0:12:30]} Kxg4 {[%clk 0:19:20]}
61.Nd6 {[%clk 0:12:26]} Nb3+ {[%clk 0:14:25]} 1-0

[Event "Team men PL"]
[Site "Sochi"]
[Date "2020.11.25"]
[Round "6.21"]
[White "Nozdrachev, Leonid"]
[Black "Potkin, Vladimir"]
[Result "1/2-1/2"]
[BlackElo "2583"]
[WhiteElo "2391"]
[LiveChessVersion "1.4.8"]

1.d4 {[%clk 1:30:57]} Nf6 {[%clk 1:30:49]} 2.c4 {[%clk 1:31:11]}
e6 {[%clk 1:31:10]} 3.Nf3 {[%clk 1:31:35]} d5 {[%clk 1:30:55]}
4.g3 {[%clk 1:31:51]} dxc4 {[%clk 1:27:14]} 5.Bg2 {[%clk 1:32:02]}
a6 {[%clk 1:26:27]} 6.O-O {[%clk 1:32:20]} Nc6 {[%clk 1:26:35]}
7.Bg5 {[%clk 1:32:39]} Be7 {[%clk 1:24:36]} 8.e3 {[%clk 1:32:16]}
O-O {[%clk 1:23:04]} 9.Qe2 {[%clk 1:31:02]} h6 {[%clk 1:17:22]}
10.Bxf6 {[%clk 1:31:10]} Bxf6 {[%clk 1:17:47]} 11.Nbd2 {[%clk 1:26:23]}
e5 {[%clk 1:16:38]} 12.dxe5 {[%clk 1:25:52]} Nxe5 {[%clk 1:16:27]}
13.Nxe5 {[%clk 1:25:39]} Bxe5 {[%clk 1:16:55]} 14.Nxc4 {[%clk 1:25:41]}
Bf6 {[%clk 1:16:55]} 15.Rad1 {[%clk 1:19:36]} Qe7 {[%clk 1:16:09]}
16.e4 {[%clk 1:11:36]} Be6 {[%clk 1:10:09]} 17.e5 {[%clk 1:07:20]}
Bxc4 {[%clk 1:06:09]} 18.Qxc4 {[%clk 1:07:37]} Bxe5 {[%clk 1:00:27]}
19.Rfe1 {[%clk 0:52:21]} Qf6 {[%clk 0:52:42]} 20.Bxb7 {[%clk 0:51:30]}
Rad8 {[%clk 0:42:45]} 21.Qxa6 {[%clk 0:46:06]} Bxb2 {[%clk 0:41:44]}
22.Qxf6 {[%clk 0:34:17]} Bxf6 {[%clk 0:41:47]} 23.a4 {[%clk 0:34:19]}
Bc3 {[%clk 0:24:34]} 24.Rxd8 {[%clk 0:29:00]} Rxd8 {[%clk 0:25:03]}
25.Rc1 {[%clk 0:28:06]} Ba5 {[%clk 0:24:49]} 26.Rc5 {[%clk 0:17:10]}
Bb6 {[%clk 0:25:01]} 27.Rd5 {[%clk 0:15:40]} Rxd5 {[%clk 0:24:44]}
28.Bxd5 {[%clk 0:16:02]} Kf8 {[%clk 0:25:06]} 29.Kf1 {[%clk 0:16:07]}
Ke7 {[%clk 0:25:20]} 30.Ke2 {[%clk 0:15:59]} f6 {[%clk 0:23:53]}
31.Bc6 {[%clk 0:11:39]} Kd6 {[%clk 0:24:10]} 32.Be8 {[%clk 0:11:59]}
Kd5 {[%clk 0:22:10]} 33.f3 {[%clk 0:07:20]} c5 {[%clk 0:20:17]}
34.Kd1 {[%clk 0:06:34]} Kd4 {[%clk 0:18:06]} 35.Kc2 {[%clk 0:06:17]}
Ba5 {[%clk 0:09:51]} 36.Bg6 {[%clk 0:05:22]} c4 {[%clk 0:10:03]}
37.g4 {[%clk 0:01:45]} Ke3 {[%clk 0:09:11]} 38.Be4 {[%clk 0:01:30]}
g5 {[%clk 0:09:26]} 39.Bd5 {[%clk 0:01:28]} c3 {[%clk 0:09:03]}
40.Be4 {[%clk 0:30:51]} Ke2 {[%clk 0:33:05]} 41.Kb3 {[%clk 0:28:24]}
Kd2 {[%clk 0:32:44]} 42.Bf5 {[%clk 0:28:18]} Ke2 {[%clk 0:26:44]}
43.Be4 {[%clk 0:28:08]} Kd2 {[%clk 0:25:28]} 44.Bf5 {[%clk 0:28:16]}
Ke3 {[%clk 0:23:44]} 45.Be4 {[%clk 0:28:35]} Kd4 {[%clk 0:23:10]}
46.Bf5 {[%clk 0:27:39]} Ke3 {[%clk 0:21:08]} 47.Be4 {[%clk 0:27:56]}
Kd4 {[%clk 0:20:25]} 1/2-1/2

[Event "Team men PL"]
[Site "Sochi"]
[Date "2020.11.25"]
[Round "6.22"]
[White "Kornev, Alexei"]
[Black "Smirnov, Timofey"]
[Result "0-1"]
[BlackElo "2394"]
[WhiteElo "2515"]
[LiveChessVersion "1.4.8"]

1.c4 {[%clk 1:30:54]} c6 {[%clk 1:30:38]} 2.Nc3 {[%clk 1:31:03]}
d5 {[%clk 1:30:54]} 3.e3 {[%clk 1:31:27]} e6 {[%clk 1:29:33]}
4.Nf3 {[%clk 1:31:21]} f5 {[%clk 1:24:31]} 5.b3 {[%clk 1:29:30]}
Nf6 {[%clk 1:24:49]} 6.Bb2 {[%clk 1:29:47]} Bd6 {[%clk 1:24:52]}
7.Qc2 {[%clk 1:29:46]} O-O {[%clk 1:24:01]} 8.Be2 {[%clk 1:29:37]}
Qe7 {[%clk 1:23:53]} 9.O-O {[%clk 1:24:50]} a6 {[%clk 1:20:26]}
10.Rac1 {[%clk 1:21:47]} Nbd7 {[%clk 1:16:15]} 11.cxd5 {[%clk 1:11:04]}
cxd5 {[%clk 1:14:43]} 12.Nd4 {[%clk 1:05:46]} b6 {[%clk 1:12:19]}
13.f4 {[%clk 0:58:49]} Bb7 {[%clk 1:11:04]} 14.Bf3 {[%clk 0:58:43]}
Rac8 {[%clk 1:10:27]} 15.Qb1 {[%clk 0:55:49]} Rc7 {[%clk 1:00:30]}
16.Nce2 {[%clk 0:53:46]} Rfc8 {[%clk 1:00:39]} 17.Rxc7 {[%clk 0:53:35]}
Rxc7 {[%clk 1:01:02]} 18.Rc1 {[%clk 0:49:42]} Rc5 {[%clk 0:57:03]}
19.Nc3 {[%clk 0:41:10]} Rc7 {[%clk 0:55:42]} 20.Na4 {[%clk 0:39:21]}
b5 {[%clk 0:48:31]} 21.Rxc7 {[%clk 0:37:01]} Bxc7 {[%clk 0:48:58]}
22.Qc2 {[%clk 0:34:10]} Bb8 {[%clk 0:39:40]} 23.Nc3 {[%clk 0:34:12]}
g6 {[%clk 0:38:17]} 24.g3 {[%clk 0:28:09]} Kf7 {[%clk 0:36:37]}
25.Bg2 {[%clk 0:27:06]} Qc5 {[%clk 0:35:12]} 26.Qd1 {[%clk 0:24:21]}
b4 {[%clk 0:28:41]} 27.Nce2 {[%clk 0:22:59]} Qa5 {[%clk 0:23:20]}
28.Qa1 {[%clk 0:21:22]} Bd6 {[%clk 0:20:09]} 29.Nf3 {[%clk 0:20:17]}
h6 {[%clk 0:20:00]} 30.Nc1 {[%clk 0:15:55]} Qc7 {[%clk 0:18:56]}
31.Nd3 {[%clk 0:15:11]} Qc2 {[%clk 0:16:34]} 32.Nde1 {[%clk 0:13:33]}
Qc7 {[%clk 0:16:30]} 33.Bd4 {[%clk 0:10:44]} a5 {[%clk 0:09:55]}
34.Bf1 {[%clk 0:10:51]} Be7 {[%clk 0:07:52]} 35.Bb5 {[%clk 0:09:34]}
Kg8 {[%clk 0:06:51]} 36.Qb2 {[%clk 0:06:28]} Kh7 {[%clk 0:06:18]}
37.Nd3 {[%clk 0:05:14]} Ne4 {[%clk 0:05:27]} 38.Nde5 {[%clk 0:04:06]}
Ndf6 {[%clk 0:03:10]} 39.Kg2 {[%clk 0:04:18]} Nd6 {[%clk 0:02:34]}
40.Be2 {[%clk 0:34:27]} Nfe4 {[%clk 0:31:47]} 41.h3 {[%clk 0:38:04]}
Bd8 {[%clk 0:28:41]} 42.g4 {[%clk 0:29:01]} Be7 {[%clk 0:23:52]}
43.Kh2 {[%clk 0:25:46]} Bf6 {[%clk 0:21:32]} 44.Qb1 {[%clk 0:24:40]}
g5 {[%clk 0:16:32]} 45.Bd3 {[%clk 0:17:39]} Kg8 {[%clk 0:13:41]}
46.Qg1 {[%clk 0:16:43]} Kf8 {[%clk 0:11:01]} 47.Qg2 {[%clk 0:13:36]}
Kg8 {[%clk 0:10:43]} 48.Ng6 {[%clk 0:10:12]} Kg7 {[%clk 0:09:29]}
49.Bxf6+ {[%clk 0:09:47]} Kxf6 {[%clk 0:09:19]} 50.Nge5 {[%clk 0:10:03]}
Nf7 {[%clk 0:02:30]} 51.gxf5 {[%clk 0:09:26]} exf5 {[%clk 0:02:51]}
52.Nxf7 {[%clk 0:08:12]} Kxf7 {[%clk 0:03:20]} 53.Ne5+ {[%clk 0:08:04]}
Ke6 {[%clk 0:03:38]} 54.Qe2 {[%clk 0:07:26]} Qc1 {[%clk 0:03:01]}
55.Nf3 {[%clk 0:06:22]} Kf6 {[%clk 0:01:46]} 56.Qg2 {[%clk 0:05:06]}
Qc7 {[%clk 0:01:33]} 57.Bxe4 {[%clk 0:05:08]} dxe4 {[%clk 0:01:29]}
58.Ne5 {[%clk 0:05:27]} Qc2 {[%clk 0:01:41]} 59.Qe2 {[%clk 0:04:43]}
Qxa2 {[%clk 0:01:17]} 60.Kg3 {[%clk 0:03:00]} Qb1 {[%clk 0:01:02]}
61.Kf2 {[%clk 0:01:38]} Qc1 {[%clk 0:00:41]} 62.Nc4 {[%clk 0:01:23]}
Ba6 {[%clk 0:00:38]} 63.Qh5 {[%clk 0:01:35]} Bxc4 {[%clk 0:01:06]}
64.Qxh6+ {[%clk 0:01:58]} Kf7 {[%clk 0:01:24]} 65.Qh7+ {[%clk 0:02:05]}
Ke8 {[%clk 0:00:56]} 66.Qh8+ {[%clk 0:01:30]} Ke7 {[%clk 0:01:19]}
67.bxc4 {[%clk 0:01:31]} Qxd2+ {[%clk 0:01:42]} 68.Kf1 {[%clk 0:01:52]}
Qd1+ {[%clk 0:01:08]} 69.Kg2 {[%clk 0:02:17]} Qe2+ {[%clk 0:01:14]}
70.Kh1 {[%clk 0:02:33]} Qf1+ {[%clk 0:01:04]} 71.Kh2 {[%clk 0:03:01]}
Qe2+ {[%clk 0:01:33]} 72.Kh1 {[%clk 0:03:23]} Qxc4 {[%clk 0:02:01]}
73.fxg5 {[%clk 0:03:00]} b3 {[%clk 0:02:06]} 74.Qe5+ {[%clk 0:03:14]}
Kd7 {[%clk 0:02:03]} 75.g6 {[%clk 0:02:49]} Qf1+ {[%clk 0:01:28]}
76.Kh2 {[%clk 0:03:16]} Qf2+ {[%clk 0:01:48]} 77.Kh1 {[%clk 0:03:45]}
Qe1+ {[%clk 0:02:01]} 78.Kh2 {[%clk 0:03:47]} Qd2+ {[%clk 0:02:26]}
79.Kh1 {[%clk 0:04:10]} b2 {[%clk 0:01:59]} 80.Qxf5+ {[%clk 0:04:28]}
Kc6 {[%clk 0:01:03]} 81.Qe6+ {[%clk 0:04:10]} Kc5 {[%clk 0:01:10]}
82.Qe5+ {[%clk 0:04:31]} Kc6 {[%clk 0:00:50]} 83.Qe6+ {[%clk 0:04:57]}
Kb5 {[%clk 0:00:38]} 84.Qe5+ {[%clk 0:05:13]} Ka4 {[%clk 0:00:38]}
85.Qxe4+ {[%clk 0:05:35]} Qb4 {[%clk 0:00:39]} 86.Qb1 {[%clk 0:03:14]}
Qc3 {[%clk 0:00:38]} 87.Kh2 {[%clk 0:02:41]} Qd2+ {[%clk 0:00:37]}
88.Kg3 {[%clk 0:02:48]} Qxe3+ {[%clk 0:01:01]} 89.Kh4 {[%clk 0:02:53]}
Qc1 {[%clk 0:00:47]} 90.Qe4+ {[%clk 0:02:56]} Ka3 {[%clk 0:00:47]}
91.Qe7+ {[%clk 0:03:11]} Ka2 {[%clk 0:00:37]} 92.Qe6+ {[%clk 0:03:28]}
Ka1 {[%clk 0:00:41]} 93.g7 {[%clk 0:03:13]} Qf4+ {[%clk 0:00:32]}
94.Qg4 {[%clk 0:02:31]} Qf2+ {[%clk 0:00:32]} 95.Kg5 {[%clk 0:02:24]}
b1Q {[%clk 0:00:37]} 96.g8Q {[%clk 0:02:05]} Qb5+ {[%clk 0:00:53]}
97.Kh6 {[%clk 0:02:09]} Qf6+ {[%clk 0:01:04]} 98.Q8g6 {[%clk 0:00:56]}
Qh8+ {[%clk 0:00:56]} 99.Qh7 {[%clk 0:01:23]} Qb6+ {[%clk 0:01:06]}
100.Qgg6 {[%clk 0:01:48]} Qe3+ {[%clk 0:01:18]} 0-1

[Event "Team men PL"]
[Site "Sochi"]
[Date "2020.11.25"]
[Round "6.23"]
[White "Tsoi, Dmitry"]
[Black "Chernyshov, Konstantin"]
[Result "1-0"]
[BlackElo "2427"]
[WhiteElo "2315"]
[LiveChessVersion "1.4.8"]

1.f4 {[%clk 1:30:57]} d5 {[%clk 1:30:27]} 2.Nf3 {[%clk 1:31:23]}
g6 {[%clk 1:30:33]} 3.e3 {[%clk 1:31:50]} Bg7 {[%clk 1:30:50]}
4.d4 {[%clk 1:32:17]} Nf6 {[%clk 1:30:16]} 5.Bd3 {[%clk 1:32:44]}
O-O {[%clk 1:28:25]} 6.O-O {[%clk 1:33:10]} b6 {[%clk 1:27:20]}
7.Qe2 {[%clk 1:33:34]} c5 {[%clk 1:26:55]} 8.c3 {[%clk 1:33:58]}
a5 {[%clk 1:23:47]} 9.Nbd2 {[%clk 1:34:07]} Ba6 {[%clk 1:23:27]}
10.Ne5 {[%clk 1:34:21]} Bxd3 {[%clk 1:22:10]} 11.Nxd3 {[%clk 1:34:47]}
Qc8 {[%clk 1:16:15]} 12.dxc5 {[%clk 1:31:52]} bxc5 {[%clk 1:16:19]}
13.e4 {[%clk 1:32:11]} e6 {[%clk 1:12:55]} 14.e5 {[%clk 1:30:57]}
Nfd7 {[%clk 1:12:44]} 15.b3 {[%clk 1:28:21]} Re8 {[%clk 1:03:42]}
16.Ba3 {[%clk 1:22:09]} a4 {[%clk 0:54:46]} 17.Qf2 {[%clk 1:18:52]}
axb3 {[%clk 0:50:30]} 18.axb3 {[%clk 1:19:13]} Ra5 {[%clk 0:43:00]}
19.b4 {[%clk 1:14:24]} cxb4 {[%clk 0:39:07]} 20.cxb4 {[%clk 1:14:46]}
Rb5 {[%clk 0:39:27]} 21.Nb3 {[%clk 1:10:13]} Nc6 {[%clk 0:38:42]}
22.Rfc1 {[%clk 1:10:27]} Qb7 {[%clk 0:38:39]} 23.Qc2 {[%clk 1:05:00]}
Rc8 {[%clk 0:30:58]} 24.Na5 {[%clk 0:57:33]} Qb6+ {[%clk 0:28:20]}
25.Qf2 {[%clk 0:46:45]} Qa6 {[%clk 0:28:28]} 26.Qc2 {[%clk 0:28:24]}
Na7 {[%clk 0:27:30]} 27.Qd2 {[%clk 0:28:36]} Rbb8 {[%clk 0:27:30]}
28.Bb2 {[%clk 0:27:04]} Rxc1+ {[%clk 0:24:50]} 29.Rxc1 {[%clk 0:26:36]}
Rc8 {[%clk 0:24:55]} 30.Rxc8+ {[%clk 0:26:17]} Qxc8 {[%clk 0:23:52]}
31.Qc3 {[%clk 0:25:18]} Qxc3 {[%clk 0:22:29]} 32.Bxc3 {[%clk 0:25:44]}
Nb5 {[%clk 0:22:51]} 33.Bd2 {[%clk 0:25:57]} Nb6 {[%clk 0:12:04]}
34.Kf2 {[%clk 0:19:59]} Bf8 {[%clk 0:08:18]} 35.Nc6 {[%clk 0:20:15]}
Nc4 {[%clk 0:08:19]} 36.Be3 {[%clk 0:19:23]} Kg7 {[%clk 0:05:09]}
37.g4 {[%clk 0:19:15]} f6 {[%clk 0:04:55]} 38.Nd8 {[%clk 0:13:48]}
Nc7 {[%clk 0:05:12]} 39.Bd4 {[%clk 0:13:08]} f5 {[%clk 0:03:44]}
40.gxf5 {[%clk 0:43:25]} gxf5 {[%clk 0:34:09]} 41.Bc5 {[%clk 0:43:36]}
Kg8 {[%clk 0:31:05]} 42.Ke2 {[%clk 0:42:13]} Na3 {[%clk 0:24:21]}
43.Kd2 {[%clk 0:33:42]} Nab5 {[%clk 0:18:45]} 44.Kc2 {[%clk 0:33:52]}
Kg7 {[%clk 0:18:47]} 45.Kb3 {[%clk 0:32:08]} Bxc5 {[%clk 0:19:07]}
46.Nxc5 {[%clk 0:32:28]} Nd4+ {[%clk 0:19:30]} 47.Ka4 {[%clk 0:24:28]}
Kf8 {[%clk 0:15:58]} 48.Ka5 {[%clk 0:19:04]} Ke7 {[%clk 0:13:21]}
49.Ndb7 {[%clk 0:19:25]} Ncb5 {[%clk 0:13:36]} 50.Ka6 {[%clk 0:17:04]}
h5 {[%clk 0:13:25]} 51.h3 {[%clk 0:15:09]} h4 {[%clk 0:11:38]}
52.Nd3 {[%clk 0:14:12]} Kd7 {[%clk 0:11:20]} 53.Kb6 {[%clk 0:13:05]}
Na3 {[%clk 0:11:37]} 54.Nbc5+ {[%clk 0:11:45]} Ke7 {[%clk 0:11:14]}
55.Ka6 {[%clk 0:11:57]} Nab5 {[%clk 0:08:20]} 56.Nb3 {[%clk 0:09:38]}
Kd7 {[%clk 0:05:35]} 57.Nxd4 {[%clk 0:09:55]} Nxd4 {[%clk 0:06:00]}
58.b5 {[%clk 0:10:19]} Kc7 {[%clk 0:06:15]} 59.b6+ {[%clk 0:10:01]}
Kb8 {[%clk 0:05:34]} 60.Nc5 {[%clk 0:09:51]} 1-0

[Event "Team men PL"]
[Site "Sochi"]
[Date "2020.11.25"]
[Round "6.24"]
[White "Yagupov, Igor"]
[Black "Frolov, Aleksey G."]
[Result "1-0"]
[BlackElo "2025"]
[WhiteElo "2357"]
[LiveChessVersion "1.4.8"]

1.d4 {[%clk 1:30:32]} Nf6 {[%clk 1:30:56]} 2.c4 {[%clk 1:30:44]}
e6 {[%clk 1:31:00]} 3.Nc3 {[%clk 1:29:28]} Bb4 {[%clk 1:29:47]}
4.e3 {[%clk 1:29:34]} O-O {[%clk 1:28:44]} 5.Nge2 {[%clk 1:29:52]}
b6 {[%clk 1:27:02]} 6.a3 {[%clk 1:30:03]} Bxc3+ {[%clk 1:25:22]}
7.Nxc3 {[%clk 1:30:30]} Bb7 {[%clk 1:25:28]} 8.d5 {[%clk 1:24:59]}
d6 {[%clk 1:17:15]} 9.Be2 {[%clk 1:21:12]} c6 {[%clk 1:03:43]}
10.e4 {[%clk 1:07:09]} cxd5 {[%clk 1:01:09]} 11.cxd5 {[%clk 1:07:29]}
exd5 {[%clk 1:01:16]} 12.exd5 {[%clk 1:07:53]} Re8 {[%clk 0:58:58]}
13.O-O {[%clk 1:06:25]} Nbd7 {[%clk 0:58:34]} 14.Be3 {[%clk 0:54:18]}
Rc8 {[%clk 0:53:24]} 15.Qd4 {[%clk 0:44:21]} Nc5 {[%clk 0:41:21]}
16.Rad1 {[%clk 0:26:37]} Nce4 {[%clk 0:38:24]} 17.Nb5 {[%clk 0:23:11]}
a6 {[%clk 0:28:50]} 18.Na7 {[%clk 0:12:54]} Rc5 {[%clk 0:27:58]}
19.Nc6 {[%clk 0:12:14]} Qd7 20.Nb4 b5 {[%clk 0:24:34]} 21.f3
{[%clk 0:07:23]} a5 {[%clk 0:19:41]} 22.fxe4 {[%clk 0:07:38]}
axb4 {[%clk 0:19:51]} 23.Rxf6 {[%clk 0:07:18]} gxf6 {[%clk 0:16:34]}
24.Qxf6 {[%clk 0:07:25]} Qd8 {[%clk 0:15:12]} 25.Qxd8 {[%clk 0:07:01]}
Rxd8 {[%clk 0:15:40]} 26.Bxc5 {[%clk 0:07:21]} dxc5 {[%clk 0:16:07]}
27.axb4 {[%clk 0:07:46]} cxb4 {[%clk 0:16:20]} 28.Bg4 {[%clk 0:07:03]}
Kg7 {[%clk 0:15:01]} 29.Rc1 {[%clk 0:04:26]} Re8 {[%clk 0:09:49]}
30.Rc7 {[%clk 0:04:07]} Rxe4 {[%clk 0:09:34]} 31.Be6 {[%clk 0:04:18]}
Kh6 {[%clk 0:07:33]} 32.Rxf7 {[%clk 0:04:24]} Bxd5 {[%clk 0:06:25]}
33.Bxd5 {[%clk 0:04:48]} Rd4 {[%clk 0:06:46]} 34.Bf3 {[%clk 0:03:23]}
b3 {[%clk 0:05:16]} 35.Rf6+ {[%clk 0:02:29]} Kg5 {[%clk 0:05:38]}
36.Rb6 {[%clk 0:02:50]} b4 {[%clk 0:05:55]} 37.Kf2 {[%clk 0:02:22]}
Kf4 {[%clk 0:04:12]} 38.g3+ {[%clk 0:02:10]} Kg5 {[%clk 0:04:32]}
39.Ke3 {[%clk 0:02:04]} Rc4 {[%clk 0:04:52]} 40.h4+ {[%clk 0:32:07]}
Kf5 {[%clk 0:35:17]} 41.Rd6 {[%clk 0:31:25]} Ke5 {[%clk 0:35:36]}
42.Rd5+ {[%clk 0:31:45]} 1-0

[Event "Team men PL"]
[Site "Sochi"]
[Date "2020.11.25"]
[Round "6.25"]
[White "Goryachkina, Aleksandra"]
[Black "Lobanov, Sergei"]
[Result "1/2-1/2"]
[BlackElo "2522"]
[WhiteElo "2592"]
[LiveChessVersion "1.4.8"]

1.d4 {[%clk 1:30:53]} Nf6 {[%clk 1:30:55]} 2.c4 {[%clk 1:31:11]}
e6 {[%clk 1:31:13]} 3.Nf3 {[%clk 1:30:53]} d5 {[%clk 1:31:28]}
4.Nc3 {[%clk 1:30:41]} Be7 {[%clk 1:31:47]} 5.Bf4 {[%clk 1:30:25]}
O-O {[%clk 1:31:45]} 6.e3 {[%clk 1:30:27]} Nbd7 {[%clk 1:31:59]}
7.Be2 {[%clk 1:23:18]} dxc4 {[%clk 1:32:02]} 8.Bxc4 {[%clk 1:22:34]}
a6 {[%clk 1:32:19]} 9.a4 {[%clk 1:18:47]} c5 {[%clk 1:32:38]}
10.O-O {[%clk 1:18:57]} cxd4 {[%clk 1:33:00]} 11.Qxd4 {[%clk 1:16:56]}
Nb6 {[%clk 1:33:19]} 12.Bb3 {[%clk 1:12:58]} Qxd4 {[%clk 1:33:40]}
13.Nxd4 {[%clk 1:13:17]} Bd7 {[%clk 1:34:01]} 14.a5 {[%clk 1:03:54]}
Nbd5 {[%clk 1:34:18]} 15.Nxd5 {[%clk 1:04:02]} Nxd5 {[%clk 1:34:39]}
16.Bxd5 {[%clk 1:04:19]} exd5 {[%clk 1:35:06]} 17.Be5 {[%clk 0:53:11]}
f6 {[%clk 1:35:28]} 18.Bc7 {[%clk 0:52:09]} Rac8 {[%clk 1:35:51]}
19.Rac1 {[%clk 0:48:32]} Rfe8 {[%clk 1:29:14]} 20.h3 {[%clk 0:41:26]}
Bc6 {[%clk 1:25:19]} 21.Nxc6 {[%clk 0:26:53]} Rxc7 {[%clk 1:25:39]}
22.Nxe7+ {[%clk 0:26:55]} Rexe7 {[%clk 1:26:04]} 23.Rfd1 {[%clk 0:24:17]}
Rxc1 {[%clk 1:25:37]} 24.Rxc1 {[%clk 0:24:43]} Re4 {[%clk 1:25:56]}
25.Rd1 {[%clk 0:15:00]} Rb4 {[%clk 1:26:08]} 26.Rxd5 {[%clk 0:15:21]}
Rxb2 {[%clk 1:26:30]} 27.Rd7 {[%clk 0:15:39]} Rb5 {[%clk 1:25:16]}
28.g4 {[%clk 0:14:48]} h5 {[%clk 1:22:36]} 29.gxh5 {[%clk 0:13:38]}
Rxh5 {[%clk 1:22:45]} 30.Rxb7 {[%clk 0:13:57]} Rxa5 {[%clk 1:23:06]}
31.Ra7 {[%clk 0:14:08]} Ra1+ {[%clk 1:23:07]} 32.Kg2 {[%clk 0:14:29]}
a5 {[%clk 1:23:35]} 33.e4 {[%clk 0:12:58]} a4 {[%clk 1:23:51]}
34.f4 {[%clk 0:10:42]} a3 {[%clk 1:23:35]} 35.e5 {[%clk 0:09:51]}
fxe5 {[%clk 1:23:29]} 36.fxe5 {[%clk 0:10:19]} Re1 {[%clk 1:23:37]}
37.Ra8+ {[%clk 0:10:36]} Kf7 {[%clk 1:24:01]} 38.Ra7+ {[%clk 0:11:02]}
Kg6 {[%clk 1:24:25]} 39.Rxa3 {[%clk 0:11:22]} Rxe5 {[%clk 1:24:50]}
40.Rb3 {[%clk 0:41:44]} Rf5 {[%clk 1:55:14]} 41.Ra3 {[%clk 0:42:09]} 1/2-1/2

[Event "Team men PL"]
[Site "Sochi"]
[Date "2020.11.25"]
[Round "6.26"]
[White "Shubin, Kirill"]
[Black "Kobalia, Mikhail"]
[Result "1/2-1/2"]
[BlackElo "2590"]
[WhiteElo "2441"]
[LiveChessVersion "1.4.8"]

1.e4 {[%clk 1:30:56]} c5 {[%clk 1:30:51]} 2.Nf3 {[%clk 1:31:23]}
d6 {[%clk 1:31:15]} 3.d4 {[%clk 1:31:49]} cxd4 {[%clk 1:31:41]}
4.Nxd4 {[%clk 1:32:17]} Nf6 {[%clk 1:32:04]} 5.Nc3 {[%clk 1:32:45]}
a6 {[%clk 1:32:28]} 6.Rg1 {[%clk 1:33:11]} b5 {[%clk 1:25:18]}
7.g4 {[%clk 1:33:05]} Bb7 {[%clk 1:25:40]} 8.Bg2 {[%clk 1:33:25]}
g6 {[%clk 1:24:41]} 9.e5 {[%clk 1:30:26]} Bxg2 {[%clk 1:24:29]}
10.exf6 {[%clk 1:30:51]} Bb7 {[%clk 1:23:59]} 11.Bg5 {[%clk 1:31:12]}
b4 {[%clk 1:17:23]} 12.fxe7 {[%clk 1:22:32]} Bxe7 {[%clk 1:17:14]}
13.Bxe7 {[%clk 1:22:57]} Qxe7+ {[%clk 1:17:39]} 14.Nce2 {[%clk 1:23:22]}
O-O {[%clk 1:16:39]} 15.Qd2 {[%clk 1:22:21]} a5 {[%clk 1:16:29]}
16.O-O-O {[%clk 1:20:49]} Nd7 {[%clk 1:16:16]} 17.Ng3 {[%clk 1:12:48]}
Rfe8 {[%clk 1:05:13]} 18.Nb5 {[%clk 1:03:24]} Ne5 {[%clk 1:00:43]}
19.Nxd6 {[%clk 0:57:46]} Nf3 {[%clk 0:47:40]} 20.Qf4 {[%clk 0:52:17]}
Nxg1 {[%clk 0:46:57]} 21.Nxe8 {[%clk 0:48:13]} Rxe8 {[%clk 0:46:16]}
22.Rxg1 {[%clk 0:48:38]} a4 {[%clk 0:44:41]} 23.Qd4 {[%clk 0:43:58]}
Rd8 {[%clk 0:40:34]} 24.Qe3 {[%clk 0:44:23]} Qd6 {[%clk 0:38:15]}
25.Kb1 {[%clk 0:42:32]} a3 {[%clk 0:37:33]} 26.g5 {[%clk 0:39:54]}
axb2 {[%clk 0:34:35]} 27.Re1 {[%clk 0:36:48]} Bd5 {[%clk 0:29:25]}
28.Ne4 {[%clk 0:34:05]} Bxe4 {[%clk 0:27:56]} 29.Qxe4 {[%clk 0:34:31]}
Qxh2 {[%clk 0:27:03]} 30.f4 {[%clk 0:33:41]} Qd2 {[%clk 0:25:07]}
31.Kxb2 {[%clk 0:33:29]} Rc8 {[%clk 0:20:18]} 32.Kb1 {[%clk 0:32:41]}
Rc5 {[%clk 0:18:37]} 33.Re2 {[%clk 0:31:36]} Qd1+ {[%clk 0:14:12]}
34.Kb2 {[%clk 0:31:59]} Qd6 {[%clk 0:14:16]} 35.Re3 {[%clk 0:27:33]}
h5 {[%clk 0:10:42]} 36.gxh6 {[%clk 0:22:08]} Rf5 {[%clk 0:08:15]}
37.Rf3 {[%clk 0:20:21]} Kh7 {[%clk 0:08:20]} 38.Kb1 {[%clk 0:15:57]}
Qd1+ {[%clk 0:06:39]} 39.Kb2 {[%clk 0:16:23]} Qd6 {[%clk 0:07:01]}
40.Kb1 {[%clk 0:46:34]} Kxh6 {[%clk 0:35:29]} 41.Kb2 {[%clk 0:43:11]}
Kg7 {[%clk 0:34:46]} 42.Kb1 {[%clk 0:42:13]} Qd1+ {[%clk 0:23:13]}
43.Kb2 {[%clk 0:42:13]} Rc5 {[%clk 0:22:37]} 44.Rb3 {[%clk 0:41:45]}
Qd2 {[%clk 0:22:53]} 45.Kb1 {[%clk 0:37:36]} Qd1+ {[%clk 0:11:52]}
46.Kb2 {[%clk 0:37:51]} Qd2 {[%clk 0:12:20]} 47.Kb1 {[%clk 0:38:17]}
Qd1+ {[%clk 0:07:58]} 1/2-1/2